000 02792nam0a2200469 4500
001 RU\NLR\bibl\267290
005 20260406113724.0
010 _a5-8179-0032-7
_93000
021 _aRU
_b2001-65349
_93178
035 _a(NLR Aleph) 000262856
090 _a1535734
_c1535734
100 _a20020517d2001 |||y0rusy50 ca
101 0 _arus
102 _aRU
105 _ay |||||||||
200 1 _aМодель подготовки специалиста по профилактике наркоманий в системе высшего профессионального образования
_eУчеб. программы
_fМ-во образования Рос. Федерации, Исполн. дирекция президент. программы "Дети России" М-ва образования РФ, Ин-т спец. педагогики и психологии Междунар. ун-т семьи и ребенка им. Р. Валленберга
_g[Составители Л. Н. Шипицына и др.]
210 _aСПб.
_cИн-т спец. педагогики и психологии
_d2001
215 _a215 с.
_d20
309 _aНа обл.: RWIUFC
320 _aБиблиогр.: с. 142-143
327 0 _aВ прил. включ. законодат. и норматив. материалы
606 0 _aНаркологическая помощь детям
_92239518
_3RU\NLR\auth\661343885
606 0 _aНаркологическая помощь подросткам
_91734350
_3RU\NLR\auth\66775458
606 0 _aВрачи-наркологи
_xПовышение квалификации
_92251971
_3RU\NLR\auth\661350725
606 0 _aНаркологи
_xПовышение квалификации
_92251969
_3RU\NLR\auth\661350724
606 0 _aНаркомания
_jМетодические пособия
_xПрофилактика
_xКадры
_xПодготовка
_92251556
_3RU\NLR\auth\661350492
610 0 _aНаркомании в молодом возрасте - Профилактика и борьба - Санитарно-просветительная работа
610 0 _aНаркология - Кадры - Подготовка
610 0 _aСпециалисты с высшим образованием - Модели
675 _a613.83(073.8)
_v3
_zrus
686 _a76.33
_2rugasnti
686 _a51.1(2)5
_2rubbk
686 _aР11(2)442.861.8п912
686 _aЧ489.518.26
701 1 _aШипицына
_bЛ. М.
_4070
712 0 2 _4570
_a"Дети России", президентская программа
_3RU\NLR\AUTH\889759
_9292010
801 0 _aRU
_bRKP
_c20020517
_gPSBO
801 1 _aRU
_bRKP
_c20020517
801 2 _aRU
_bNLR
_c20070316
_grcr
942 _cBOOK
980 _aNB